000 00397nam a22001697a 4500
005 20180703112348.0
008 160618b xxu||||| |||| 00| 0 eng d
020 _a81-203-2633-4
041 _aeng
082 _b8090
_a658
100 _aAltekar, rahul V
_91944
245 _aEnterprise wide resource planning
260 _bPHI
_c2004
300 _a149
650 _aManagement
_9241
942 _cBK
999 _c3056
_d3055